Ninjago Postacie Sezon 3: Reaktywacja - Statystyki

Ogólne statystyki
  • Ten quiz został rozwiązany 29 razy
  • Średni wynik to 100 z 128
Statystyki odpowiedzi
Odcinek Postacie % Poprawnych
Garmadon
100%
Kai
100%
Wu
100%
Zane
100%
Cole
95%
Jay
95%
Lloyd Garmadon
95%
Mroczny Władca
90%
Nya
90%
PIXAL
90%
Cyrus Borg
81%
Misako
81%
Pythor
81%
Cryptor
76%
Dareth
71%
Listonosz
52%
Skales
52%
Edna Walker
43%
Ed Walker
43%
4."Klątwa Złotego Władcy" Acidicus
38%
Min-Droid
38%
1."Spięcie" Brad Tudabone
33%
Fangtom
29%
Sally
24%
Skales Jr.
24%
Skales Jr
24%
Julien
10%
Robo Usher 3000
10%
6."Operacja: Arkturus" Cliff Gordon
5%
Magik
5%
Tommy
5%
Marla
0%
Policjant
0%
Selma
0%
Nie znaleziono quizów pasujących do podanych kryteriów
Rozkład punktacji
Procent ludzi z każdym wynikiem
Percentyl według liczby udzielonych odpowiedzi
Twoja historia wyników
Nie rozwiązałeś tego quizu